000 00395nam a22001697a 4500
005 20180719163942.0
008 160623b xxu||||| |||| 00| 0 eng d
020 _a81-7660-084-9
041 _aeng
082 _b9096
_a658.15244
100 _aBanerjee, R.P.
_9788
245 _aWorking Capital Management
260 _bEPH
_c2002
300 _a260p,
650 _aManagement
_9241
942 _cBK
999 _c3669
_d3668